LEADER 00979cam0-2200337---450- 001 990004643470403321 005 20080917144939.0 035 $a000464347 035 $aFED01000464347 035 $a(Aleph)000464347FED01 035 $a000464347 100 $a19990604d1945----km-y0itay50------ba 101 1 $aita 102 $aIT 105 $ay-------001yy 200 1 $aRaffaello e Rubens$edue saggi di critica d'arte$fRoberto Vischer$gtraduzione dal tedesco di Elena Craveri Croce 210 $aBari$cLaterza$d1945 215 $a164 p.$d21 cm 225 1 $aBiblioteca di cultura moderna$v391 610 0 $aRaffaello Sanzio 610 0 $aRubens, Peter Paul 676 $a701.18 700 1$aVischer,$bRobert$0184720 702 1$aCroce,$bElena$f<1915-1994> 801 0$aIT$bUNINA$gRICA$2UNIMARC 901 $aBK 912 $a990004643470403321 952 $a701.18 VIS 1$bBibl.18313$fFLFBC 959 $aFLFBC 996 $aRaffaello e Rubens$9295903 997 $aUNINA LEADER 01092nam a2200313 i 4500 001 991003450999707536 008 080311s1999 it a 001 0 ita d 020 $a8822062167 035 $ab13693141-39ule_inst 040 $aDip.to Matematica$beng 041 1 $aita$heng 082 0 $a510 084 $aAMS 00A 084 $aZDM H04 084 $aLC QA93.H47 100 1 $aHiggins, Peter M.$0524604 240 10$aMathematics for the curious.$lItalian$954869 245 10$aDivertirsi con la matematica :$bcuriosità e stranezze del mondo dei numeri /$cPeter M. Higgins 260 $aBari :$bDedalo,$cc1999 300 $a256 p. :$bill. ;$c21 cm 440 0$aNuova biblioteca Dedalo ;$v216 500 $aIncludes index 650 0$aMathematics$xPopular works 907 $a.b13693141$b02-04-14$c11-03-08 912 $a991003450999707536 945 $aLE013 H04 HIG11 (1999)$g1$i2013000207308$lle013$op$pE13.00$q-$rl$s- $t0$u5$v1$w5$x0$y.i14695650$z17-03-08 996 $aMathematics for the curious$954869 997 $aUNISALENTO 998 $ale013$b11-03-08$cm$da $e-$fita$git $h0$i0